| 000 | 00485nam a2200205Ia 4500 | ||
|---|---|---|---|
| 008 | 170918s9999 xx 000 0 und d | ||
| 020 | _a9780531251591 | ||
| 050 | _bM372 2014 | ||
| 100 | _aMarsico, Kate | ||
| 245 | _aSaltwater crocodiles / | ||
| 245 | _cKate Marsico. | ||
| 260 | _aNew York : | ||
| 260 | _bChildren's Press, | ||
| 260 | _c2014 | ||
| 300 | _a48 pages : | ||
| 300 | _bcolored illustration ; | ||
| 300 | _c21cm. | ||
| 440 | _aA true book. | ||
| 500 | _a1040 | ||
| 999 |
_c342316 _d342316 |
||